000 00890cam a2200241 i 4500
003 SA-RiAUC
005 20250928073118.0
008 250803q19001999xx g 000r0 ara c
040 _aSA-JeALM
_bara
_cSA-RiAUC
_erda
082 0 4 _a370
_qSA-RiAUC
090 _a370
_bح ل م
100 1 _aحلمي، محمد
_eمؤلف.
245 1 0 _aكتاب التربية العلمية والتعليم /
_cمحمد حلمي.
246 3 0 _aالتربية العلمية والتعليم
264 1 _a[مكان النشر غير محدد] :
_bمؤسسة مكة للطباعة والاعلام،
_c[بين 1900 و1999]
300 _a59 صفحة ؛
_c24 سم.
336 _aنص
_btxt
_2rdacontent
_3كتاب
337 _aبدون وسيط
_bn
_2rdamedia
650 7 _aالتربية
_2aucsh
650 7 _aالتعليم
_2aucsh
942 _2ddc
_cBOOK
_n0
949 _aSA-JeALM
_d250803
_uosman123
_n1
999 _c12127
_d12127